مكتبة جامعة عجلون الوطنية

فهرس بحث المكتبة

Key questions in second language acquisition : (Record no. 33482)

MARC details
000 -LEADER
fixed length control field 02604cam a22004218i 4500
001 - CONTROL NUMBER
control field 21253652
003 - CONTROL NUMBER IDENTIFIER
control field JO-AjAnu
005 - DATE AND TIME OF LATEST TRANSACTION
control field 20240501094950.0
008 - FIXED-LENGTH DATA ELEMENTS--GENERAL INFORMATION
fixed length control field 191018s2021 nyu 001 0 eng
010 ## - LIBRARY OF CONGRESS CONTROL NUMBER
LC control number 2019039835
020 ## - INTERNATIONAL STANDARD BOOK NUMBER
International Standard Book Number 9781108486668
Qualifying information (hardback)
020 ## - INTERNATIONAL STANDARD BOOK NUMBER
Canceled/invalid ISBN 9781108761529
Qualifying information (epub)
040 ## - CATALOGING SOURCE
Original cataloging agency DLC
Language of cataloging eng
Description conventions rda
Transcribing agency DLC
Modifying agency JO-AjAnu
041 #0 - LANGUAGE CODE
Language code of text/sound track or separate title eng
Language code of original eng
042 ## - AUTHENTICATION CODE
Authentication code pcc
050 00 - LIBRARY OF CONGRESS CALL NUMBER
Classification number P118.2
Item number .V378 2021
082 00 - DEWEY DECIMAL CLASSIFICATION NUMBER
Classification number 418.0071
Edition number 23
100 1# - MAIN ENTRY--PERSONAL NAME
Personal name VanPatten, Bill,
Relator term author.
245 10 - TITLE STATEMENT
Title Key questions in second language acquisition :
Remainder of title an introduction /
Statement of responsibility, etc. Bill VanPatten, Megan Smith, Alessandro G. Benati.
250 ## - EDITION STATEMENT
Edition statement 3rd printing
263 ## - PROJECTED PUBLICATION DATE
Projected publication date 2107
264 #1 - PRODUCTION, PUBLICATION, DISTRIBUTION, MANUFACTURE, AND COPYRIGHT NOTICE
Place of production, publication, distribution, manufacture New York :
Name of producer, publisher, distributor, manufacturer Cambridge University Press,
Date of production, publication, distribution, manufacture, or copyright notice 2021.
300 ## - PHYSICAL DESCRIPTION
Extent pages cm
336 ## - CONTENT TYPE
Content type term text
Content type code txt
Source rdacontent
337 ## - MEDIA TYPE
Media type term unmediated
Media type code n
Source rdamedia
338 ## - CARRIER TYPE
Carrier type term volume
Carrier type code nc
Source rdacarrier
500 ## - GENERAL NOTE
General note Includes index.
505 0# - FORMATTED CONTENTS NOTE
Formatted contents note 1. What Are the Origins of Second Language Acquisition as a Research Field? -- 2. What Does Development Look Like? -- 3. What Are the Roles of Input and Output? -- 4. What Is the Initial State? -- 5. Can L2 Learners Become Nativelike? -- 6. Does Instruction Make a Difference? -- 7. What Role Does Explicit Learning Play in L2 Acquisition? -- 8. What Are Individual Differences and How Do They Affect L2 Acquisition? -- Epilogue -- Glossary -- Index.
520 ## - SUMMARY, ETC.
Summary, etc. "This highly accessible introductory textbook carefully explores the main issues that have driven the field of second language acquisition research. Intended for students with little or no background in linguistics or psycholinguistics, it explains important linguistic concepts, and how and why they are relevant to second language acquisition. Topics are presented via a "key questions" structure that enables the reader to understand how these questions have motivated research in the field, and the problems to which researchers are seeking solutions. It provides a complete package for any introductory course on second language acquisition"--
Assigning source Provided by publisher.
650 #0 - SUBJECT ADDED ENTRY--TOPICAL TERM
Topical term or geographic name entry element Second language acquisition
General subdivision Research.
650 #0 - SUBJECT ADDED ENTRY--TOPICAL TERM
Topical term or geographic name entry element Language and languages
General subdivision Study and teaching
-- Research.
700 1# - ADDED ENTRY--PERSONAL NAME
Personal name Smith, Megan
Titles and other words associated with a name (Linguist),
Relator term author.
700 1# - ADDED ENTRY--PERSONAL NAME
Personal name Benati, Alessandro G.,
Relator term author.
776 08 - ADDITIONAL PHYSICAL FORM ENTRY
Relationship information Online version:
Main entry heading VanPatten, Bill,
Title Key questions in second language acquisition
Place, publisher, and date of publication New York : Cambridge University Press, 2021.
International Standard Book Number 9781108761529
Record control number (DLC) 2019039836
906 ## - LOCAL DATA ELEMENT F, LDF (RLIN)
a 7
b cbc
c orignew
d 1
e ecip
f 20
g y-gencatlg
942 ## - ADDED ENTRY ELEMENTS (KOHA)
Source of classification or shelving scheme Library of Congress Classification
Koha item type Books
Suppress in OPAC No
Holdings
Withdrawn status Lost status Source of classification or shelving scheme Damaged status Not for loan Home library Current library Date acquired Total Checkouts Full call number Barcode Date last seen Price effective from Koha item type
    Library of Congress Classification     مكتبة جامعة عجلون الوطنية مكتبة جامعة عجلون الوطنية 01/05/2024   P118.2.V378 2021 e3702 01/05/2024 01/05/2024 Books
    Library of Congress Classification     مكتبة جامعة عجلون الوطنية مكتبة جامعة عجلون الوطنية 01/05/2024   P118.2.V378 2021 e3701 01/05/2024 01/05/2024 Books